Estatísticas para Harry Potter - Matérias de Hogwarts

Clique aqui para jogar o quiz

Estatísticas Gerais

  • Esse quiz foi jogado 2 257 vezes
  • A pontuação média é 7 de 14

Estatísticas das Respostas

Matéria% Correto
Poções
92%
Defesa Contra as Artes das Trevas
77%
Feitiços
76%
Herbologia
70%
Transfiguração
61%
Adivinhação
59%
Voo
52%
História da Magia
50%
Trato das Criaturas Mágicas
46%
Astronomia
40%
Runas Antigas
40%
Estudo dos Trouxas
37%
Aritmância
28%
Aparatação
17%

Distribuição das Pontuações

Percentil de Números Respondidos

Porcentagem de Pessoas com Cada Pontuação

Sua Pontuação Histórica

Você não jogou esse quiz